Welcome to CU Library Online Public Access Catalogue (OPAC)

Pathophysiology of Disease/ a LANGE medical book (Record no. 3209)

MARC details
000 -LEADER
fixed length control field 00606nam a22001697a 4500
005 - DATE AND TIME OF LATEST TRANSACTION
control field 20250129123724.0
008 - FIXED-LENGTH DATA ELEMENTS--GENERAL INFORMATION
fixed length control field 250129b |||||||| |||| 00| 0 eng d
020 ## - INTERNATIONAL STANDARD BOOK NUMBER
International Standard Book Number 9780071105231
050 ## - LIBRARY OF CONGRESS CALL NUMBER
Classification number RB113 MCP
100 ## - MAIN ENTRY--PERSONAL NAME
Personal name McPhee, Stephen J.
245 ## - TITLE STATEMENT
Title Pathophysiology of Disease/ a LANGE medical book
Remainder of title an introduction to clinical medicine
Statement of responsibility, etc. Stephen J. McPhee, William F. Ganong
250 ## - EDITION STATEMENT
Edition statement 5th ed.
260 ## - PUBLICATION, DISTRIBUTION, ETC.
Place of publication, distribution, etc. New York
Name of publisher, distributor, etc. Lange Medical Books/ McGraw-Hill Medical Publishing Division
Date of publication, distribution, etc. 2006
300 ## - PHYSICAL DESCRIPTION
Extent ix. 761p.
Other physical details ill. some color
Dimensions 23.5cm
700 ## - ADDED ENTRY--PERSONAL NAME
Personal name Ganong, William F.
942 ## - ADDED ENTRY ELEMENTS (KOHA)
Source of classification or shelving scheme Library of Congress Classification
Koha item type Books
Edition 5th ed.
Suppress in OPAC No
999 ## -
-- 3209
-- 3209
Holdings
Withdrawn status Lost status Source of classification or shelving scheme Damaged status Not for loan Collection Home library Current library Shelving location Date acquired Total checkouts Full call number Barcode Date last seen Copy number Price effective from Koha item type
    Library of Congress Classification     Non-fiction Science Library (Miotso) Science Library (Miotso) General stacks 01/29/2025   RB113 MCP SLM00002542 01/29/2025 1 01/29/2025 Books
    Library of Congress Classification     Non-fiction Science Library (Miotso) Science Library (Miotso) General stacks 01/29/2025   RB113 MCP SLM00002543 01/29/2025 2 01/29/2025 Books
    Library of Congress Classification     Non-fiction Science Library (Miotso) Science Library (Miotso) General stacks 01/29/2025   RB113 MCP SLM00002544 01/29/2025 3 01/29/2025 Books
    Library of Congress Classification     Non-fiction Science Library (Miotso) Science Library (Miotso) General stacks 01/29/2025   RB113 MCP SLM00002545 01/29/2025 4 01/29/2025 Books
    Library of Congress Classification     Non-fiction Science Library (Miotso) Science Library (Miotso) General stacks 01/29/2025   RB113 MCP SLM00002546 01/29/2025 5 01/29/2025 Books
© 2023-2024 Copyright: Central University Libraries. All Rights Reserved | Created by: Mahone Tech Office